| Поле | Инд. | ПП | Название | Значение |
|---|---|---|---|---|
| Тип записи | a | |||
| Библиографический уровень | b | |||
| 001 | Контрольный номер | d4ce1474b054416d858e323a63a8e983 | ||
| 005 | Дата корректировки | 20200630193247.5 | ||
| 008 | Кодируемые данные | 20170331 | ||
| 040 | b | Код языка каталог. | rus | |
| e | Правила каталог. | PSBO | ||
| 041 | 0_ | a | Код языка текста | rus |
| 084 | a | Индекс другой классификации/Индекс ББК | 67.400.8(2Рос) | |
| 100 | 1_ | a | Автор | Балаян Э. Ю. |
| 100 | 1_ | a | Автор | Гацко Д. В. |
| 245 | 10 | a | Заглавие | Злоупотребление правом в избирательном процессе: теоретико-конституционный аспект |
| 520 | 0_ | a | Аннотация | В статье на рассмотрение вынесена проблема злоупотребления правом во время проведения избирательных кампаний. Для формирования выводов по необходимым мерам для противодействия данному явлению были исследованы различные подходы к определению правовой природы злоупотребления правом (как в теории гражданского права, так и в избирательном процессе), суть и классификации избирательных технологий. Также было рассмотрено соотношение явления злоупотребления правом в избирательном процессе с видами избирательных технологий, что позволило определить круг прав, используемых при злоупотреблении правом. С учетом специфики отдельных видов злоупотреблений избирательными правами и полномочиями государственных органов автором предложены соответствующие меры противодействия злоупотреблению правом, включая закрепление в избирательном законодательстве необходимой терминологии, выявление и устранение недостатков правового регулирования, запрещение на законодательном уровне злоупотребления правом в избирательном процессе |
| 650 | 14 | a | Основная рубрика | право; избирательное право; конституционное право (государственное право) |
| 653 | 0_ | a | Ключевые слова | выборы |
| a | Ключевые слова | злоупотребление правом | ||
| a | Ключевые слова | избирательное законодательство | ||
| a | Ключевые слова | избирательные права | ||
| a | Ключевые слова | избирательные технологии | ||
| a | Ключевые слова | избирательный процесс | ||
| a | Ключевые слова | правовое регулирование | ||
| a | Ключевые слова | Россия | ||
| 773 | 08 | t | Заглавие источника | Российская юстиция |
| d | Дата издания источника | 2020 | ||
| g | Прочая информация | № 3. - С. 61 - 64 | ||
| w | Контрольный № источника | e7466aa06b2540358281e2135db0f8ff | ||
| 901 | t | Тип документа | b |